000 00728nam a2200241 a 4500
001 000011273
003 OSt
005 20240412074225.0
008 091015s1953 dr c 000 p spa d
040 _aDO-SdBNP
_bspa
_cDO-SdBNP
082 _aRD861.44
_bR696d,1953
100 1 _aRodríguez V. , Severino A.
_926847
245 1 0 _aDe mi lira popular /
_cSeverino A. Rodríguez V.
250 _a3a ed.
260 _aCiudad Trujillo, República Dominicana :
_bImpresora Dominicana,
_c1953.
300 _a76 p. ;
_c21 cm.
590 _aInventariado.2020/VM
650 0 _aPoesía dominicana
_966
650 0 _aLiteratura dominicana.
_967
910 _aValidado. Control de calidad BNPHU
942 _2ddc
_cLBS1
956 _aVMateo
999 _c10990
_d10990